<?xml version="1.0" encoding="UTF-8"?>
<record
    xmlns:xsi="http://www.w3.org/2001/XMLSchema-instance"
    xsi:schemaLocation="http://www.loc.gov/MARC21/slim http://www.loc.gov/standards/marcxml/schema/MARC21slim.xsd"
    xmlns="http://www.loc.gov/MARC21/slim">

  <leader>03157nam a2200337 a 4500</leader>
  <controlfield tag="003">OSt</controlfield>
  <controlfield tag="005">20250616100552.0</controlfield>
  <controlfield tag="007">cr ||||||a|a|a</controlfield>
  <controlfield tag="008">250616s2025    mx a|||fom||| 001 0 spa d</controlfield>
  <datafield tag="040" ind1=" " ind2=" ">
    <subfield code="e">rda</subfield>
  </datafield>
  <datafield tag="100" ind1="1" ind2=" ">
    <subfield code="a">Rodr&#xED;guez Salazar, Alexey</subfield>
    <subfield code="9">190459</subfield>
  </datafield>
  <datafield tag="245" ind1="1" ind2="0">
    <subfield code="a">Respuesta de tetranychus urticae, koch. A la aplicaci&#xF3;n de nanopart&#xED;culas de plata en cultivo de rosa (Rosa x hybrida) en el estado de M&#xE9;xico /</subfield>
    <subfield code="c">por Alexey Rodr&#xED;guez Salazar; director de tesis Jaime Alfredo Urz&#xFA;a Guti&#xE9;rrez; secretario Sandra Guadalupe Gonz&#xE1;lez Dom&#xED;nguez; vocal Calixto Leopoldo Carrillo Fonseca; suplente Jos&#xE9; Antonio Tafoya Razo; suplente Candelario Santill&#xE1;n Ortega.</subfield>
  </datafield>
  <datafield tag="264" ind1=" " ind2="1">
    <subfield code="a">Chapingo, M&#xE9;xico :</subfield>
    <subfield code="b">El autor,</subfield>
    <subfield code="c">2024.</subfield>
  </datafield>
  <datafield tag="300" ind1=" " ind2=" ">
    <subfield code="a">1 recurso en l&#xED;nea (49 p&#xE1;ginas):</subfield>
    <subfield code="b">cuadros, figuras.</subfield>
  </datafield>
  <datafield tag="336" ind1=" " ind2=" ">
    <subfield code="2">rdacontent</subfield>
    <subfield code="a">texto</subfield>
    <subfield code="b">txt</subfield>
  </datafield>
  <datafield tag="337" ind1=" " ind2=" ">
    <subfield code="2">rdamedia</subfield>
    <subfield code="a">computadora</subfield>
    <subfield code="b">c</subfield>
  </datafield>
  <datafield tag="338" ind1=" " ind2=" ">
    <subfield code="2">rdacarrier</subfield>
    <subfield code="a">recurso en l&#xED;nea</subfield>
    <subfield code="b">cr</subfield>
  </datafield>
  <datafield tag="502" ind1=" " ind2=" ">
    <subfield code="b">IAEPA</subfield>
    <subfield code="c">Parasitolog&#xED;a</subfield>
    <subfield code="d">2024.</subfield>
    <subfield code="g">LIC</subfield>
  </datafield>
  <datafield tag="504" ind1=" " ind2=" ">
    <subfield code="a">Incluye referencias bibliogr&#xE1;ficas: p&#xE1;ginas 33-47.</subfield>
  </datafield>
  <datafield tag="520" ind1=" " ind2=" ">
    <subfield code="a">Tetranychus urticae, Koch. conocido como el &#xE1;caro de dos manchas, es una especie pol&#xED;faga que causa serios problemas econ&#xF3;micos. El cultivo de rosa (Rosa x hybrida), es altamente susceptible al ataque de T. urticae causando grandes p&#xE9;rdidas econ&#xF3;micas por su alimentaci&#xF3;n, lo cual, desencadeno el uso m&#xFA;ltiple de acaricidas, volvi&#xE9;ndose un problema en la producci&#xF3;n mundial por los mecanismos de resistencia que esta plaga ha presentado. Las restricciones en el uso de sustancias activas permitidas han llevado a la b&#xFA;squeda diferentes m&#xE9;todos para controlar plagas. Uno de ellos se basa en inducir mecanismos de defensas naturales de las plantas. El &#xE1;cido Jasm&#xF3;nico (JA) y el &#xE1;cido salic&#xED;lico tienen un papel importante en distintos procesos fisiol&#xF3;gicos de las plantas, constituyen un mecanismo de defensas como una respuesta funcional a factores de estr&#xE9;s bi&#xF3;tico y abi&#xF3;tico, que est&#xE1;n estrechamente relacionadas con la presencia de &#xE1;caros fit&#xF3;fagos. Es por lo que, atendiendo esta problem&#xE1;tica se evalu&#xF3; el efecto que tendr&#xED;a la aplicaci&#xF3;n de nanopart&#xED;culas de plata en la planta y en las poblaciones de T. urticae actuando ya sea como un inductor de resistencia al aumentar los niveles de JA y de &#xE1;cido salic&#xED;lico o como un nuevo m&#xE9;todo de control de poblaciones, al evaluar los efectos que causan las aplicaciones en el establecimiento de este &#xE1;caro en la planta.</subfield>
  </datafield>
  <datafield tag="650" ind1=" " ind2="4">
    <subfield code="a">Tetranychus urticae</subfield>
    <subfield code="x">Control</subfield>
    <subfield code="9">132187</subfield>
  </datafield>
  <datafield tag="650" ind1=" " ind2="4">
    <subfield code="a">Nanopart&#xED;culas de plata</subfield>
    <subfield code="x">Efecto en fitopat&#xF3;genos</subfield>
    <subfield code="9">188488</subfield>
  </datafield>
  <datafield tag="650" ind1=" " ind2="4">
    <subfield code="a">Nanopart&#xED;culas de plata</subfield>
    <subfield code="x">Efecto en plantas</subfield>
    <subfield code="9">187684</subfield>
  </datafield>
  <datafield tag="700" ind1="1" ind2=" ">
    <subfield code="a">Urz&#xFA;a Guti&#xE9;rrez, Jaime Alfredo</subfield>
    <subfield code="e">director de tesis</subfield>
    <subfield code="9">117018</subfield>
  </datafield>
  <datafield tag="700" ind1="1" ind2=" ">
    <subfield code="a">Gonz&#xE1;lez Dom&#xED;nguez, Sandra Guadalupe</subfield>
    <subfield code="9">48859</subfield>
    <subfield code="e">secretario.</subfield>
  </datafield>
  <datafield tag="700" ind1="1" ind2=" ">
    <subfield code="a">Carrillo Fonseca, Calixto Leopoldo</subfield>
    <subfield code="9">19482</subfield>
    <subfield code="e">vocal.</subfield>
  </datafield>
  <datafield tag="700" ind1="1" ind2=" ">
    <subfield code="a">Tafoya Razo, Jos&#xE9; Antonio</subfield>
    <subfield code="9">111341</subfield>
    <subfield code="e">suplente.</subfield>
  </datafield>
  <datafield tag="700" ind1="1" ind2=" ">
    <subfield code="a">Santill&#xE1;n Ortega, Candelario</subfield>
    <subfield code="e">suplente.</subfield>
    <subfield code="9">102429</subfield>
  </datafield>
  <datafield tag="856" ind1=" " ind2=" ">
    <subfield code="u">http://10.13.5.2/tesis/tl/1412195-6_RODRIGUEZ_SALAZAR_ALEXEY.pdf</subfield>
    <subfield code="z">DESCARGAR PDF</subfield>
  </datafield>
  <datafield tag="942" ind1=" " ind2=" ">
    <subfield code="2">Clasificaci&#xF3;n Universidad Aut&#xF3;noma Chapingo</subfield>
    <subfield code="c">TD</subfield>
  </datafield>
  <datafield tag="999" ind1=" " ind2=" ">
    <subfield code="c">220613</subfield>
    <subfield code="d">220613</subfield>
  </datafield>
  <datafield tag="952" ind1=" " ind2=" ">
    <subfield code="0">0</subfield>
    <subfield code="1">0</subfield>
    <subfield code="2">local</subfield>
    <subfield code="4">0</subfield>
    <subfield code="5">1</subfield>
    <subfield code="7">0</subfield>
    <subfield code="8">TesDigL</subfield>
    <subfield code="a">BD</subfield>
    <subfield code="b">BD</subfield>
    <subfield code="c">E_L</subfield>
    <subfield code="d">2025-06-16</subfield>
    <subfield code="l">0</subfield>
    <subfield code="o">Tesis digital</subfield>
    <subfield code="r">2025-06-16 09:40:24</subfield>
    <subfield code="w">2025-06-16</subfield>
    <subfield code="y">TD</subfield>
  </datafield>
</record>
